000
00365nam a2200145Ia 4500
008
100122s9999 xx 000 0 und d
082
_b
14217
_a
823.08
100
_a
काळे व पु
245
_a
वलय
260
_b
भारतीय ग्रंथभवन
_c
1966
300
_a
186
630
_a
वलय
730
_a
वलय
942
_c
BOOK
999
_c
404807
_d
404804